00273nam a22000977a 4500008004100000082001300041100001900054245004200073260005100115300000900166230703b xxu||||| |||| 00| 0 eng d a352bSEV cPeter Sevareid aThe Local Government Regulations 1963 aKenyabKenya Institute of Administrationc1976 a137p